Catálogo - Centro de Recursos para el Aprendizaje y la Investigación

Volver al Sitio - CRAI Biblioteca

Travesuras de la imaginación : (Registro nro. 114130)

Detalles MARC
000 -CABECERA
campo de control de longitud fija 01673nam a2200289 4500
001 - NÚMERO DE CONTROL
campo de control 114130
003 - IDENTIFICADOR DEL NÚMERO DE CONTROL
campo de control DR-UNIBE
005 - FECHA Y HORA DE LA ÚLTIMA TRANSACCIÓN
campo de control 20251002105611.0
008 - DATOS DE LONGITUD FIJA--INFORMACIÓN GENERAL
campo de control de longitud fija 251002b2017 dr ||||| |||| 00| 1 spa d
020 ## - NÚMERO INTERNACIONAL ESTÁNDAR DEL LIBRO
Número Internacional Estándar del Libro 9789945603354
040 ## - FUENTE DE LA CATALOGACIÓN
Centro catalogador/agencia de origen BIBLIOTECA UNIBE
Centro/agencia transcriptor BIBLIOTECA UNIBE
Lengua de catalogación spa
Normas de descripción rda
041 ## - CÓDIGO DE LENGUA
Código de lengua del texto/banda sonora o título independiente spa
090 ## - LOCALMENTE ASIGNADO TIPO-LC NÚMERO DE CLASIFICACIÓN (OCLC); NÚMERO DE CLASIFICACIÓN LOCAL (RLIN)
Número de clasificación (OCLC) (R) ; Numero de clasificación, CALL (RLIN) (NR) FBIU-PUCMM CI T781
245 10 - MENCIÓN DE TÍTULO
Título Travesuras de la imaginación :
Resto del título cuentos e ilustraciones de niños y niñas dominicanos /
Mención de responsabilidad, etc. presentación: Dulce Rodríguez ; coordinación de lengua española: Norma Mena ; edición: Denise Ocampo ; diseño de portada, diagramación y cuidado de ilustraciones: Juan José Vásquez
250 ## - MENCIÓN DE EDICIÓN
Mención de edición Primera edición
260 ## - PUBLICACIÓN, DISTRIBUCIÓN, ETC.
Lugar de publicación, distribución, etc. Santiago de los Caballeros :
Nombre del editor, distribuidor, etc. Pontificia Universidad Católica Madre y Maestra (PUCMM) :
-- Centro de Investigación y Desarrollo Humano, (CIEDI-Humano),
Fecha de publicación, distribución, etc. 2017
300 ## - DESCRIPCIÓN FÍSICA
Extensión vi, 226 páginas :
Otras características físicas ilustraciones ;
Dimensiones 27 x 20 cm
490 ## - MENCIÓN DE SERIE
Mención de serie CIED-Humano. Cuentos infantiles
500 ## - NOTA GENERAL
Nota general Incluye fotos de los niños escritores de los grados de primero a sexto del nivel primario de las escuelas de los distritos educativos 13-01, 14-02 y 16-02 ganadores del concurso de cuentos para desarrollar las competencias de lectura y escritura. En la contraportada interna se lee los nombres de los jurados
653 #7 - TÉRMINO DE INDIZACIÓN--NO CONTROLADO
Término no controlado Cuentos infantiles dominicanos
653 #7 - TÉRMINO DE INDIZACIÓN--NO CONTROLADO
Término no controlado Literatura infantil dominicana
700 10 - PUNTO DE ACCESO ADICIONAL--NOMBRE DE PERSONA
Nombre de persona Rodríguez, Dulce
9 (RLIN) 199529
Término indicativo de función/relación presentación
700 10 - PUNTO DE ACCESO ADICIONAL--NOMBRE DE PERSONA
Nombre de persona Mena, Norma
9 (RLIN) 196965
Término indicativo de función/relación coordinador de lengua española
700 10 - PUNTO DE ACCESO ADICIONAL--NOMBRE DE PERSONA
Nombre de persona Ocampo, Denise
9 (RLIN) 199530
Término indicativo de función/relación editor
700 10 - PUNTO DE ACCESO ADICIONAL--NOMBRE DE PERSONA
Nombre de persona Vásquez, Juan José
9 (RLIN) 199531
Término indicativo de función/relación diseñador de portada
-- diagramador
-- cuidado de las ilustraciones
942 ## - ELEMENTOS DE PUNTO DE ACCESO ADICIONAL (KOHA)
Fuente del sistema de clasificación o colocación Sistema de Clasificación Decimal Dewey
Tipo de ítem Koha Libro (general)
Existencias
Estado de retiro Estado de pérdida Fuente del sistema de clasificación o colocación No para préstamo Código de colección Localización permanente Fecha de adquisición Total de préstamos Signatura topográfica completa Código de barras Fecha visto por última vez Número de copia Precio válido a partir de Tipo de ítem Koha
  Disponible Sistema de Clasificación Decimal Dewey No se presta Fondo Bibliográfico IBBY-UNIBE Biblioteca Central UNIBE 01/08/2025   FBIU-PUCMM CI T781 FBIU0900 02/10/2025 Ej.1 02/10/2025 Libro (reserva)